000 00651nam a2200217Ia 4500
005 20241129105832.0
008 241129s9999||||xx |||||||||||||| ||und||
020 _a978-93-5073-985-3
037 _aTB
040 _aARTS
_beng
_cARTS
041 _aeng
_2urd
084 _a4:(P168).273 Q6
_qARTS
100 _aKhushtar Mansoor Ed.
_9586752
245 0 _aBihar mein Urdu sahafat: samt-o-raftar
_cKhushtar Mansoor Ed.
260 _aDelhi, India
_bEducational Publishing House
_c2011
300 _a320p.
365 _aINR
_b300
650 _aJournalismUrdu Language
_9726455
942 _cTB
_h4:(P168).273 Q6
999 _c1226203
_d1226203